Statistiques concernant QA #05 - Création de mots - Puzzle - Version Noël

Cliquez ici pour prendre le quiz!

Statistiques générales

  • Ce quiz a été pris 308 fois
    (303 depuis la dernière actualisation)
  • Le résultat moyen est 8 sur 16

Statistiques - réponses

Mots% Correct
Houx
88%
Noël
79%
Joue
68%
Joie
67%
Amie
65%
Ange
64%
Jeux
57%
Amen
54%
Noix
52%
Noue
42%
Ânée
39%
Noie
30%
Hein
28%
Houe
24%
Anel
19%
Anil
19%

Distribution des résultats

Percentile par nombre de réponses

% des personnes avec chaque résultat

Votre développement - résultats

Vous n’avez pas pris ce quiz depuis la dernière actualisation